| 000 | 00747nam a22002417a 4500 | ||
|---|---|---|---|
| 999 |
_c13567 _d13567 |
||
| 003 | AR-CdUCM | ||
| 008 | 190415b ||||| |||| 00| 0 spa d | ||
| 020 | _a968-16-1726-6 | ||
| 040 |
_aMUNICIPALIDAD PROVINCIAL DEL CUSCO _cBIBLIOTECA MUNICIPAL DEL CUSCO |
||
| 082 |
_aES / 373.869 / _bC35 |
||
| 100 |
_aCastro Leal, Antonio _931547 |
||
| 245 | _aEl imperialismo andaluz y otras historias / | ||
| 260 |
_aMexico : _bFondo de cultura economica, _c1984. |
||
| 300 |
_a159 paginas ; _bilustraciones, _c21 cm. |
||
| 440 |
_aLecturas mexicanas _n60 _932029 |
||
| 500 | _aLiteratura | ||
| 650 |
_aLiteratura _983 |
||
| 650 |
_aHistoria _9136 |
||
| 650 |
_aSiglo XX _98 |
||
| 650 |
_aMexico _918 |
||
| 942 |
_2ddc _cLIBROS |
||
| 945 |
_apjha _d2019-04-15 |
||